• 首页
  • 本馆介绍
  • 公告通知
  • 最新文献
  • 馆藏检索
  • 电子资源
  • 读者导购
  • 参考咨询
  • 我的图书馆
  • 登录
  • 详细信息显示
  • 放入我的书架
  • 预约/预借图书
  • 作者相关作品
  • 分类相关作品
  • 丛书相关作品
  • 出版社相关作品

书目信息

  • 表格格式
  • 工作单格式
  • 卡片格式
题名:
中国矿情
    
 
作者: 朱训 主编
分册: 第二卷  
出版信息: 北京   科学出版社  1999.7
页数: 665页
开本: 16开
丛书名:
单 册:
中图分类: F426.1
科图分类:
主题词: 工业经济--中国
电子资源:
ISBN: 7-03-007535-8
000 00617nam0 2200205 45
001 0102270899
005 20031219104048.6
010    @a7-03-007535-8@b精装@dCNY98.00
100    @a20010227d1999 km y0chiy0120 ea
101 0  @achi
105    @a z 000yy
200 1  @a中国矿情@h第二卷@AZhong Guo Kuang Qing@e金属矿产@EJin Shu Kuang Chan@f朱训主编@FZhu Xun Zhu Bian
210    @a北京@c科学出版社@d1999.7
215    @a665页@d16开
517    @a金属矿产@AJin Shu Kuang Chan
606 0  @a工业经济@y中国
690    @aF426.1@v1
701  0 @a朱训@4主编
801    @aCN@bTSTC@c20010227
905    @b295007-010@dF426.1@e44:2@f4
    
    中国矿情.第二卷:金属矿产/朱训主编.-北京:科学出版社,1999.7
    665页;16开
    
    
    ISBN 7-03-007535-8(精装):CNY98.00
    
●
相关链接 在E读中查询图书 在五车中查询图书 在当当中查询图书 在豆瓣中查询图书


正题名:中国矿情     索取号:F426.1/44:2         预约/预借

序号 登录号 条形码 馆藏地/架位号 状态 备注
1 0295007   002950079   第一借阅区/ [索取号:F426.1/44:2] 在馆    
2 0295008   002950088   密集书库/ [索取号:F426.1/44:2] 在馆    
3 0295010   002950104   第一样本阅览室/ [索取号:F426.1/44:2] 在馆    
唐山师范学院图书馆 欢迎您!
大连网信软件有限公司© 版权所有